| 000 | 00893cam a2200241 4500 | ||
|---|---|---|---|
| 001 | WB3736-18 | ||
| 008 | 010926n2001 000 0 eng u | ||
| 035 | _a(Sirsi) u114837 | ||
| 245 | _aFire experts to examine safety regulations | ||
| 260 | _c2001 | ||
| 490 |
_aBuilding _v266(8202) 21 September 2001, 14(1) |
||
| 520 | _aIn the wake of the World Trade Center terrorist attack, the RIBA president will lead a cross-industry working group of fire protection experts to study ways of preventing the collapse of tall buildings and to improve fire safety and escape routes. | ||
| 590 | _aWB | ||
| 650 | _aWORLD TRADE CENTER | ||
| 650 | _aTERRORIST ATTACKS | ||
| 650 | _aFIRE REGULATIONS | ||
| 650 | _aMANAGEMENT-HEALTH AND SAFETY-FIRE SAFETY | ||
| 650 | _aESCAPE ROUTES | ||
| 650 | _aSKYSCRAPERS | ||
| 650 | _aTALL BUILDINGS | ||
| 690 |
_aHEALTH AND SAFETY _96244 |
||
| 942 | _n0 | ||
| 999 |
_c68368 _d68368 |
||